| 000 | 00554pab a2200181 454500 | ||
|---|---|---|---|
| 008 | 180718b2001 xxu||||| |||| 00| 0 eng d | ||
| 100 | _aCaroli, Eve | ||
| 245 | _aSkill-based organizational change? Evidence from a panel of British and French establishments | ||
| 260 | _c2001 | ||
| 300 | _ap.1449-492 | ||
| 362 | _aNov | ||
| 650 | _aOrganizational change - France | ||
| 650 | _aOrganizational change - Great Britain | ||
| 650 | _aOrganizational change | ||
| 700 | _aReenen, John Van | ||
| 773 | _aQuarterly Journal of Economics | ||
| 909 | _a50683 | ||
| 999 |
_c50683 _d50683 |
||